Statistics for 'If I Can Dream' by Elvis Presley Missing Lyrics Quiz

Click here to take the quiz!

General Stats

  • This quiz has been taken 88 times
    (78 since last reset)
  • The average score is 40 of 45

Answer Stats

Lyrics% Correct
Can't my {dream} come true?
98%
Has the strength to {dream}
98%
Oh, please let my {dream}
98%
While I can {dream}
98%
But as long as a {man}
97%
Got to be {birds} flying higher
97%
In a {sky} more blue
97%
That's troubled with {pain}
97%
Deep in my {heart}
95%
We're lost in a {cloud}
95%
Where all my {brothers} walk hand-in-hand
95%
With too much {rain}
94%
If I can dream of a {better} {land}
92%
{Oh} {why}
92%
{Oh} {why}
92%
{Oh} {why}
92%
{Oh} {why}
92%
{Oh} {why}
92%
There must be lights {burning} brighter
92%
While I can {walk}
92%
He can {redeem} his soul
91%
Out there in the {dark}
91%
Still, I am sure that the {answer}
91%
We're {trapped} in a world
91%
And {fly}
89%
(He can {fly})
89%
{Tell} {me} {why}
89%
{Tell} {me} {why}
89%
There's a trembling {question}
89%
While I can {stand}
89%
The doubt and {fear}
88%
While I can {talk}
88%
Let it come true {right} {now}
86%
{Right} {now}
86%
{Somewhere}
86%
Answer's gonna come {somehow}
85%
Come {true}, oh
83%
There's a beckoning {candle}, yeah
83%
Won't that sun {appear}?
83%
And {understanding} sometime
82%
If I can dream of a {warmer} sun
82%
There must be {peace}
82%
Where {hope} keeps shining on everyone
80%
Strong {wind} of promise that will blow away
78%
And while I can {think}
77%

Score Distribution

Percentile by Number Answered

Percent of People with Each Score

Your Score History

You have not taken this quiz since the last reset